| 000 | 00528nam a2200205Ia 4500 | ||
|---|---|---|---|
| 001 | 8850 | ||
| 003 | IVS | ||
| 005 | 20250626030140.0 | ||
| 008 | 211022s9999 xx 000 0 und d | ||
| 040 | _cIVS | ||
| 082 | _a700 SAN | ||
| 100 | _aSaneeya Ghadially | ||
| 245 | 0 | _aCollectively produced and inspired art | |
| 260 | _aKarachi | ||
| 260 | _bIndus Valley School | ||
| 260 | _c2007 | ||
| 300 | _aV | ||
| 856 | _uhttps://drive.google.com/file/d/1GYyv0qJsSe8sz5ih7tZ2OU3KRBOpT0tB/view?usp=sharing | ||
| 942 |
_cDISS _n0 _2ddc |
||
| 999 |
_c7500 _d7500 |
||